000 00268nam a2200121 a 4500
001 4143
005 20140414131903.0
008 090223s19uu xx 00 eng d
050 _aFIC
_bEl4 1981
100 _aEliot, George
245 _aSilas Marner.
999 _c110755
_d110755